|
|
|
|
| LEADER |
00000cam a2200000 a 4500 |
| 001 |
UCC6382 |
| 003 |
CL-VaPUC |
| 008 |
181207e20140000us |||||||||||||||||spa|d |
| 020 |
|
|
|a 9781576587607
|
| 082 |
0 |
4 |
|a 200
|b PEA
|2 21
|
| 100 |
|
|
|a Pearcey, Nancy Randolph
|e autora
|9 600808
|
| 245 |
1 |
0 |
|a Verdad total: libera el Cristianismo de su cautiverio cultural
|
| 250 |
|
|
|a 1a. ed
|
| 300 |
|
|
|a 575 p
|
| 942 |
|
|
|c BK
|
| 945 |
|
|
|d 20181207 13:37:00
|a dcastane
|
| 260 |
|
|
|a s.l
|b Jucum
|c 2014
|
| 500 |
|
|
|a Incluye guía de estudio
|
| 650 |
|
0 |
|a Religión
|9 255164
|
| 650 |
|
0 |
|a Filosofía de la religión
|9 256017
|
| 583 |
|
|
|a last modification
|c 20181207 13:37:00
|k Rodrigo Vera
|
| 999 |
|
|
|c 373331
|d 373329
|
| 952 |
|
|
|0 0
|1 0
|3 erb
|4 0
|6 200_000000000000000_PEA_2014
|7 0
|8 A
|9 491401
|a BIBTEO
|b BIBTEO
|e Precht Pizarro, Jorge Enrique
|i 5519985
|o 200 PEA 2014
|p 5519985
|r 2025-01-17
|w 2019-11-24
|y BK
|z Catalogado en:20181207
|k ICR
|